000 00988nam a2200253 i 4500
001 17307
003 ES-MaACL
005 20230906151540.0
007 t|
008 010126s2000 sp ||||1| spa d
020 _a84-451-1782-3
080 _a821.134.2-23"19"
100 1 _aFernández García, Jesús.
_949809
245 1 0 _aAzorín y Baroja, hurgando en sus recuerdos
_b: texto dramático basado en las actitudes, ideas y temas del grupo fundamental de la "generación del 98" /
_cJesús Fernández García.
250 _a1ª ed.
260 _aMadrid :
_bAsociación de Autores de Teatro :
_bConsejería de Cultura de la Comunidad de Madrid,
_c2000.
300 _a111 p. ;
_c22 cm.
490 1 _aDamos la palabra. Textos ;
_v12
710 2 _aAsociación de Autores de Teatro.
_91565
710 1 _aMadrid (Comunidad Autónoma).
_bConsejería de Cultura.
_95594
830 1 _aDamos la palabra. Textos ;
_v12
_9180281
852 _aES-MaACL
_jL-24164
999 _c17307
_d17307